Foursomes from Sets II Quiz Stats

 Plays Quiz Updated Nov 7, 2018

Score 0/84 Timer 08:00
7 Plays Today
% Correct
Dwarf/Disney
90.9%
Dwarf/Disney
90.9%
Dwarf/Disney
90.9%
Dwarf/Disney
90.9%
Example/Vowels
90%
Example/Vowels
90%
Example/Vowels
90%
Example/Vowels
90%
Symbol/Zodiac
89.5%
Symbol/Zodiac
89.5%
Symbol/Zodiac
89.5%
Symbol/Zodiac
89.5%
Body/3-Letter
85.6%
Body/3-Letter
85.6%
Body/3-Letter
85.6%
Body/3-Letter
85.6%
Province/Canada
84.5%
Province/Canada
84.5%
Province/Canada
84.5%
Province/Canada
84.5%
Reindeer/Santa
84.4%
Reindeer/Santa
84.4%
Reindeer/Santa
84.4%
Reindeer/Santa
84.4%
Instrument/String
83.2%
Instrument/String
83.2%
Instrument/String
83.2%
Instrument/String
83.2%
% Correct
Play/Shakespeare
82.4%
Play/Shakespeare
82.4%
Play/Shakespeare
82.4%
Play/Shakespeare
82.4%
Team/MLB
81.9%
Team/MLB
81.9%
Team/MLB
81.9%
Team/MLB
81.9%
Film/James Bond
76.2%
Film/James Bond
76.2%
Film/James Bond
76.2%
Film/James Bond
76.2%
Sin/Deadly
73.5%
Sin/Deadly
73.5%
Sin/Deadly
73.5%
Sin/Deadly
73.5%
Capital/American
73.4%
Capital/American
73.4%
Capital/American
73.4%
Capital/American
73.4%
Country/S.A.
67.9%
Country/S.A.
67.9%
Country/S.A.
67.9%
Country/S.A.
67.9%
Level/Taxonomy
66.8%
Level/Taxonomy
66.8%
Level/Taxonomy
66.8%
Level/Taxonomy
66.8%
% Correct
Family/Jackson
66.8%
Family/Jackson
66.8%
Family/Jackson
66.8%
Family/Jackson
66.8%
PM/British
65.3%
PM/British
65.3%
PM/British
65.3%
PM/British
65.3%
Mes/Español
59%
Mes/Español
59%
Mes/Español
59%
Mes/Español
59%
Group/Islands
53.3%
Group/Islands
53.3%
Group/Islands
53.3%
Group/Islands
53.3%
Dept./Cabinet
51.2%
Dept./Cabinet
51.2%
Dept./Cabinet
51.2%
Dept./Cabinet
51.2%
Number/German
47.7%
Number/German
47.7%
Number/German
47.7%
Number/German
47.7%
Avenue/Monopoly
43.8%
Avenue/Monopoly
43.8%
Avenue/Monopoly
43.8%
Avenue/Monopoly
43.8%

You're not logged in!

Compare scores with friends on all Sporcle quizzes.
OR
Log In

Show Comments

Extras

Top Quizzes Today


Score Distribution

Your Account Isn't Verified!

In order to create a playlist on Sporcle, you need to verify the email address you used during registration. Go to your Sporcle Settings to finish the process.

Report this User

Report this user for behavior that violates our Community Guidelines.

Details: